000
00257nam a2200109Ia 4500
008
231212s1982 xx 000 0 und d
041
_a
eng
082
_a
621.381952
100
_a
Leventhal L.A.
245
_a
Introduction To
260
_a
Delhi
_b
McGrowh
_c
1982
999
_c
958882
_d
958882